000
00307nam a22001337a 4500
008
180130b xxu||||| |||| 00| 0 eng d
020
_a
9780820561523
041
_a
eng
080
_2
4th
_a
34
100
_a
14
101
_a
JUR
245
_a
Family law: cases, text, problems
_c
Ellman,I.M
942
_2
udc
_c
BK
999
_c
41205
_d
41205